00467 2200181 4500001002100000005001500021035002000036245004200056100001900098260004400117300001700161020002200178084001400200082000800214650001000222008004100232990001200273INLIS00000000000272120251007100026 a0010-09250000681 aYuk, Saling Berbagi /cYugha Erlangga aYugha Erlangga aJakarta :bEsensi Erlangga Group,c2017 c(26 x 20 cm) a978-602-6847-49-2 a300 YUG y a300 4aFiksi251007 0  a0754923